| 000 | 00646nam a2200217 a 4500 | ||
|---|---|---|---|
| 001 | 000021997 | ||
| 005 | 20200930011533.0 | ||
| 008 | 100915s1986 mx 000 0 spa d | ||
| 020 | _a9684093348 | ||
| 040 |
_aDO-SdBNP _bspa _cBNPHU |
||
| 082 |
_a363.45 _bM281a |
||
| 100 | 1 |
_aMann, Peggy, _d1919- _945593 |
|
| 245 | 1 | 0 |
_aAlerta : _bmariguana / _cPeggy Mann ; traducción de Laura Garibay. |
| 260 |
_aMéxico, D. F. : _bEDAMEX, _c1986. |
||
| 300 |
_a650 p. ; _c19 cm. |
||
| 650 | 4 |
_aMarihuana _xAspectos psicológicos _945594 |
|
| 650 | 4 |
_aPlantas alucinógenas _945595 |
|
| 700 | 1 |
_aGaribay, Laura, _etr. _945596 |
|
| 910 | _aWM | ||
| 049 | _aBNGR | ||
| 999 |
_c21495 _d21495 |
||